C++ primer plus / (Record no. 193419)

000 -LEADER
fixed length control field 01170 a2200205 4500
003 - CONTROL NUMBER IDENTIFIER
control field Nust
005 - DATE AND TIME OF LATEST TRANSACTION
control field 20220818082134.0
010 ## - LIBRARY OF CONGRESS CONTROL NUMBER
LC control number 2001089224
020 ## - INTERNATIONAL STANDARD BOOK NUMBER
International Standard Book Number 8178088959
040 ## - CATALOGING SOURCE
Transcribing agency Nust
082 00 - DEWEY DECIMAL CLASSIFICATION NUMBER
Classification number 005.133,PRA
100 1# - MAIN ENTRY--PERSONAL NAME
Personal name Prata, Stephen.
245 10 - TITLE STATEMENT
Title C++ primer plus /
Statement of responsibility, etc. Stephen Prata.
250 ## - EDITION STATEMENT
Edition statement 4th ed.
260 ## - PUBLICATION, DISTRIBUTION, ETC.
Place of publication, distribution, etc. Indianapolis, Ind. :
Name of publisher, distributor, etc. Sams,
Date of publication, distribution, etc. c2002.
300 ## - PHYSICAL DESCRIPTION
Extent xxi, 1098 p. :
Other physical details ill. ;
Dimensions 24 cm.
505 ## - FORMATTED CONTENTS NOTE
Formatted contents note Getting Started (Page-1), Setting out to C++ (Page-19), Dealing with Data (Page-53), Compound Types (Page-96), Loops and Relational Expressions (Page-155), Branching Statements and Logical Operators (Page-207), Functions- C++,s Programming Modules (Page-243), Adventures in Functions (Page-299), Memory Models and Namespaces (Page-347), Objects and Classes (Page-393), Working with Classes (Page-441), Classes and Dynamic Memory Allocation (Page-503), Class Inheritance (Page-567), Reusing Code in C++ (Page-633), Friends, Exceptions, and More (Page-713), The String Class and the Standard Template Library (Page-779), Input, Output and Files (Page-863).
650 #0 - SUBJECT ADDED ENTRY--TOPICAL TERM
Topical term or geographic name entry element C++ (Computer program language)
942 ## - ADDED ENTRY ELEMENTS (KOHA)
Source of classification or shelving scheme
Koha item type Book
Call number prefix 005.133,PRA
Holdings
Withdrawn status Lost status Source of classification or shelving scheme Damaged status Not for loan Permanent Location Current Location Shelving location Date acquired Total Checkouts Full call number Barcode Date last seen Date last checked out Price effective from Koha item type Public note
          Military College of Signals (MCS) Military College of Signals (MCS) General Stacks 12/12/2016 1 005.133,PRA MCS30365 01/22/2024 01/17/2024 12/12/2016 Book Almirah No.5, Shelf No.2
© 2023 Central Library, National University of Sciences and Technology. All Rights Reserved.